Countries Within 1000 Miles of Moscow - Statistics

General Stats
  • This quiz has been taken 41 times
  • The average score is 19 of 21
Answer Stats
Country % Correct
Belarus
98%
Poland
98%
Ukraine
98%
Czech Republic
95%
Estonia
95%
Finland
95%
Germany
95%
Latvia
95%
Lithuania
95%
Slovakia
95%
Bulgaria
93%
Denmark
93%
Romania
93%
Sweden
93%
Georgia
90%
Hungary
90%
Kazakhstan
90%
Moldova
90%
Norway
90%
Turkey
85%
Austria
83%
No matching quizzes found
Score Distribution
Percent of People with Each Score
Percentile by Number Answered
Your Score History
You have not taken this quiz